000 00222nam a2200097Ia 4500
005 20251222114345.0
008 251222s1900||||xx |||||||||||||| ||spa||
082 _aDVD0098/D94/2006
245 0 _aCrimen y castigo:
942 _cDVD
999 _c1005
_d1005